Renewable energy and the rural environment (Record no. 121698)

MARC details
000 -LEADER
fixed length control field 00771nam a22002417a 4500
008 - FIXED-LENGTH DATA ELEMENTS--GENERAL INFORMATION
fixed length control field 231106s2009 xxk|||||r|||| 00| 0 eng d
020 ## - INTERNATIONAL STANDARD BOOK NUMBER
ISBN 9780956088727
041 ## - LANGUAGE CODE
Language code of text/sound track or separate title eng
110 ## - MAIN ENTRY--CORPORATE NAME
Corporate author Royal Institution of Chartered Surveyors
245 ## - TITLE STATEMENT
Title Renewable energy and the rural environment
Subtitle report number 4
260 ## - PUBLICATION INFORMATION
Place of publication Cirencester,
Publisher Royal Agricultural College
Date 2009
300 ## - PHYSICAL DESCRIPTION
Physical description 56p.
Other physical details wirebound
500 ## - GENERAL NOTE
General note Sponsored by RICS. 100 Club Annual Fellowship in Rural Land Management
650 ## - KEYWORDS
Keywords RENEWABLE ENERGY
650 ## - KEYWORDS
Keywords RURAL
650 ## - KEYWORDS
Keywords LAND MANAGEMENT
651 ## - SUBJECT ADDED ENTRY--GEOGRAPHIC NAME
Geographic name United Kingdom
690 ## - BROAD SUBJECT
9 (RLIN) 6268
Broad subject Rural
700 ## - ADDED PERSONAL NAME
Added personal author Prag, Peter
710 ## - ADDED CORPORATE NAME
Added corporate author Royal Institution of Chartered Surveyors
710 ## - ADDED CORPORATE NAME
Added corporate author Royal Agricultural College
942 ## - ADDED ENTRY ELEMENTS (KOHA)
Suppress in OPAC Do not suppress in OPAC
Holdings
Lost status Damaged status Not for loan Current library Shelving location Date acquired Total Checkouts Full call number Date last seen Price effective from Koha item type
      Archives RICS Boxes 06/11/2023   RICS 2009/60 06/11/2023 06/11/2023 Book